| Поле | Инд. | ПП | Название | Значение |
|---|---|---|---|---|
| Тип записи | a | |||
| Библиографический уровень | m | |||
| 001 | Контрольный номер | RU/IS/BASE/386698091 | ||
| 005 | Дата корректировки | 20140703202424.8 | ||
| 040 | a | Служба первич. каталог. | НБ ТвГУ | |
| b | Код языка каталог. | rus | ||
| e | Правила каталог. | PSBO | ||
| 041 | 0_ | a | Код языка текста | rus |
| 080 | a | Индекс УДК | 373.5.035:342.8 | |
| 084 | a | Индекс другой классификации/Индекс ББК | Ч420.052.6 | |
| 090 | a | Полочн. индекс | Ч420.0 | |
| x | Авторский знак | О-86 | ||
| 245 | 10 | a | Заглавие | Отражение: выборы глазами детей |
| b | Продолж. заглавия | сборник | ||
| c | Ответственность | [под общ. ред. В. Н. Песенко ; сост.: В. Е. Дронова, О. А. Михайлова, Р. А. Быков] | ||
| n | Номер части/ раздела | Вып. 5 | ||
| 260 | a | Место издания | Тверь | |
| b | Издательство | Экслибрис | ||
| c | Дата издания | 2008 | ||
| 300 | a | Объем | 72 с. | |
| b | Иллюстрации/ тип воспроизводства | ил., цв. ил. | ||
| 520 | a | Аннотация | Издание подготовлено в рамках реализации комплекса мер по повышению подготовки организаторов выборов и референдумов, правовому обучению избирателей Тверской области на 2006-2008 годы. В издании представлены творческие работы призеров областного конкурса "Наш выбор - будущее России!" на лучший сценарий деловой игры, литературную работу, плакат и рисунок. В сборник также включены наиболее интересные произведения участников конкурса. | |
| 653 | a | Ключевые слова | Воспитание школьников | |
| a | Ключевые слова | Выборы | ||
| a | Ключевые слова | Детские конкурсные работы | ||
| a | Ключевые слова | Конкурсные работы | ||
| a | Ключевые слова | Краеведение | ||
| a | Ключевые слова | Общеобразовательная школа | ||
| a | Ключевые слова | Педагогика школы | ||
| a | Ключевые слова | Правовое воспитание | ||
| a | Ключевые слова | Тверская область | ||
| 700 | a | Другие авторы | Песенко Валерий Николаевич | |
| e | Роль лиц | ред. | ||
| 700 | 1_ | a | Другие авторы | Дронова В. Е. |
| e | Роль лиц | сост. | ||
| 901 | t | Тип документа | m | |
| 920 | a | Оператор | Густ | |
| 930 | a | Новая/Ретро | краеведение | |
| 952 | c | Вид литературы | К р | |
| 954 | a | Дата поступления на обработку | 20120411 |